Islam : Between ignorant followers and in capable scholars
| Main Author: | |
|---|---|
| Format: | Book |
| Published: |
Kuwait :
ITFSO ,
1971
|
| Subjects: |
MARC
| LEADER | 00000cam a2200000 7i4500 | ||
|---|---|---|---|
| 001 | 0000003915 | ||
| 005 | 20050622.0 | ||
| 040 | |a INS | ||
| 090 | 0 | 0 | |a BP163. |b A89 1971 |
| 100 | 1 | |a Abdul Qader Audah | |
| 245 | 1 | 0 | |a Islam : |b Between ignorant followers and in capable scholars |c Abdul Qader Audah |
| 260 | |a Kuwait : |b ITFSO , |c 1971 | ||
| 300 | |a 115p ; |c 17cm. | ||
| 650 | 0 | 0 | |a Islam and state |x Koranic teaching |
| 999 | |a 0000001974 |b BOOK |c Open Shelf |e Default branch | ||